| 000 | 00462nam a2200181Ia 4500 | ||
|---|---|---|---|
| 003 | IN-BaIIA | ||
| 008 | 211028s9999 xx 000 0 eng d | ||
| 040 | _cIIA Library | ||
| 080 |
_a91 _bSOM |
||
| 100 |
_aSomerville, Mary _9195 |
||
| 245 | 0 |
_aPhysical geography _bvol. II _cMary Somerville |
|
| 260 |
_aLondon _bJohn Murray _c1849 |
||
| 300 | _aviii, 443p. | ||
| 650 |
_aArchives _9196 |
||
| 650 |
_aGeography _9197 |
||
| 650 |
_aNASA Thesaurus _9198 |
||
| 942 | _cBK | ||
| 999 |
_c106 _d106 |
||